El hombre en busca de su Dios
Zapisane w:
| 1. autor: | |
|---|---|
| Format: | Książka |
| Język: | Undetermined |
| Wydane: |
San José, Costa Rica
Centro Médico Cultural
1956
|
| Hasła przedmiotowe: | |
| Etykiety: |
Dodaj etykietę
Nie ma etykietki, Dołącz pierwszą etykiete!
|
MARC
| LEADER | 00000nam a2200000Ia 4500 | ||
|---|---|---|---|
| 008 | 170316s9999 xx 000 0 und d | ||
| 040 | |a cru BVZT | ||
| 090 | |a 868 C-14ho | ||
| 100 | |a Centeno, Fernando |9 530 | ||
| 245 | |a El hombre en busca de su Dios |c / Fernando Centeno | ||
| 260 | |a San José, Costa Rica |b Centro Médico Cultural |c 1956 | ||
| 300 | |a 18 páginas | ||
| 650 | |a LITERATURA COSTARRICENSE |9 17 | ||
| 999 | |c 10795 |d 10795 | ||
| 942 | |c 15 D |h 868 C-14ho |2 z | ||
